| 000 | 00867nam a2200253 4500 | ||
|---|---|---|---|
| 999 |
_c64226 _d64226 |
||
| 005 | 20240530110721.0 | ||
| 008 | 180321s2016 ua a g b 000 0 ara d | ||
| 017 |
_a2016/14354 _bمصر. دار الكتب |
||
| 020 | _a9789773805012 | ||
| 040 |
_aEG-CaGPL _cEG-CaGPL |
||
| 082 | 0 | 4 |
_221 _a370.15\ _bف ف |
| 100 | 0 | _aفاطمة تقى الدين | |
| 245 | 1 | 0 |
_aفن المذاكرة وقوة الذاكرة / _cتأليف فاطمة تقى الدين . |
| 250 | _aط.1 | ||
| 260 |
_aالقاهرة : _bدار العلوم للنشر والتوزيع، _c2017 . |
||
| 300 |
_a80 ص. ؛ _c24 سم. |
||
| 650 | 0 | 7 |
_2qrmak _aالتعلم |
| 650 | 0 | 7 |
_2qrmak _aالذاكرة |
| 650 | 0 | 7 |
_2qrmak _aعلم النفس التربوى |
| 650 | 0 | 7 |
_2qrmak _aالمذاكرة |
| 651 | _2qrmak | ||
| 942 |
_2ddc _cBK |
||